000 04888cam a2201033 ar4500
999 _c55121
001 10372639
003 LIBRIS
005 20210107134049.0
008 070306s2006 sw |||||||||||000 0aswe|
020 _a9789185285822
_qkorr.
020 _z918528565X
040 _aLGEN
_dNB
_ea
041 _aswe
082 0 4 _a616.858520092
_222
083 0 _a920
_223/swe
084 _aVla
_2kssb/8
084 _aLz Aspelin, Mikaela
_2kssb/8
100 1 _aAspelin, Mikaela,
_d1973-
_0https://libris.kb.se/gdsw0gs04rltqf4#it
245 1 0 _aSänder på tusen kanaler :
_ben bok om borderline /
_cMikaela Aspelin.
250 _a3. uppl.
264 1 _aBorås :
_bRecito :
_bSockerdricka.nu [distributör],
_c2006
264 3 _aBorås :
_bBording
300 _a148 s.
_c20 cm
340 _b20 cm
500 _a[Ny tr.], 2008. 147 s.
500 _5Li
_aPliktex.
500 _5S
_aTryckningar finns
500 _5Umdp
_a[Ny tr.], 2009
600 1 4 _aAspelin, Mikaela,
_d1973-
_0https://libris.kb.se/gdsw0gs04rltqf4#it
650 7 _aPatienter
_0https://id.kb.se/term/sao/Patienter
_2sao
650 7 _aBorderline
_zSverige
_2sao
650 2 _aBorderline Personality Disorder
_vpersonal narratives
650 0 _aPatients
653 _aGränspsykos
653 _aSjukdomsupplevelser
655 7 _aBiografi
_0https://id.kb.se/term/saogf/Biografi
_2saogf
775 0 _tSänder på tusen kanaler
_d2006
_z91-85285-65-X
_w10289423
887 _a{"@id":"9sll3srm24l1vm9","modified":"2018-10-30T23:00:00+01:00","checksum":"73516402847"}
_2librisxl
887 _a{"@id":"qv2kjzhw5m3q1k7","modified":"2013-05-02T09:06:15+02:00","checksum":"37627080545"}
_2librisxl
887 _a{"@id":"37fdnl8853r3hml","modified":"2012-05-14T15:25:46+02:00","checksum":"55859971474"}
_2librisxl
887 _a{"@id":"lqxsdjsr183g82j","modified":"2015-10-08T17:19:18+02:00","checksum":"45590189439"}
_2librisxl
887 _a{"@id":"mrzxr71s0w2m8wg","modified":"2008-11-19T07:58:21+01:00","checksum":"35452284963"}
_2librisxl
887 _a{"@id":"gqf0bc93dhdzcgwj","modified":"2018-07-20T14:31:27.948+02:00","checksum":"51974257492"}
_2librisxl
887 _a{"@id":"z398vpd40lpw8bv","modified":"2008-10-02T10:14:48+02:00","checksum":"74853168564"}
_2librisxl
887 _a{"@id":"8dlhxjwf20b6rnq","modified":"2013-11-07T11:23:11+01:00","checksum":"40998496710"}
_2librisxl
887 _a{"@id":"v063cp0128jknpv","modified":"2012-07-19T12:40:43+02:00","checksum":"22749179703"}
_2librisxl
887 _a{"@id":"ns0vpzbt4dqrbw7","modified":"2011-04-06T09:08:34+02:00","checksum":"40200280197"}
_2librisxl
887 _a{"@id":"z397xsg44s53rv2","modified":"2019-12-02T13:03:22.683+01:00","checksum":"34092872385"}
_2librisxl
887 _a{"@id":"hmtpb1qn1jskkrr","modified":"2008-03-27T13:51:23+01:00","checksum":"47740818515"}
_2librisxl
887 _a{"@id":"fkrn3mnl215sspf","modified":"2007-09-18T11:05:44+02:00","checksum":"37542521447"}
_2librisxl
887 _a{"@id":"hmt7hctn1mwk4vb","modified":"2019-12-02T13:03:00.479+01:00","checksum":"40765261031"}
_2librisxl
887 _a{"@id":"qv2ff05w12ttgzz","modified":"2012-03-05T09:15:04+01:00","checksum":"56925406879"}
_2librisxl
887 _a{"@id":"v06k0dp12257mhn","modified":"2012-03-27T16:16:37+02:00","checksum":"34211168559"}
_2librisxl
942 _2z
_cBOOK
949 _5Gm
_61001705595
_aLz 07.15
_tYNNNN